000 00259nam a22001217a 4500
008 210707s2013 xx 000 0 und d
041 _aeng
082 _a052 MANG
100 _aLobo, Patricia
245 _aMangalore
260 _c2013
650 _aMangalore
999 _c179840
_d179840